00313nam a2200109Ia 4500008004100000082000800041100001600049245002200065942000600087952009500093999001500188240331s9999 xx 000 0 und d bSMI aSmith, P. E 0aEthan F. :bnotes cL 001040708LaWERCLbWERCLcSSCd2024-03-31l0o 820 SMIp5341r2024-03-31w2024-03-31yL c3180d3180